Les reines sombres : La sanglante rivalité qui façonna le monde médiéval (notice n° 2198010)

détails MARC
000 -LEADER
fixed length control field 01569cam a2200133 4500500
005 - DATE AND TIME OF LATEST TRANSACTION
control field 20260405085505.0
041 ## - LANGUAGE CODE
Language code of text/sound track or separate title fre
042 ## - AUTHENTICATION CODE
Authentication code dc
100 10 - MAIN ENTRY--PERSONAL NAME
Personal name Puhak, Shelley
Relator term author
245 00 - TITLE STATEMENT
Title Les reines sombres : La sanglante rivalité qui façonna le monde médiéval
260 ## - PUBLICATION, DISTRIBUTION, ETC.
Name of publisher, distributor, etc. Armand Colin,<br/>
Date of publication, distribution, etc. 2023.<br/>
520 ## - SUMMARY, ETC.
Summary, etc. Au Moyen Age, deux femmes parmi les plus féroces et les plus influentes ont marqué leur temps : Brunehaut et Frédégonde. L'une était reine d'Austrasie (actuelle Belgique, nord-est de la France et une partie de l'Allemagne), l'autre reine de Neustrie (nord-ouest de la France actuelle). A une époque où il était interdit aux femmes de posséder des biens ou d'hériter du trône, elles commandaient des grandes armées, négociaient avec les empereurs et les papes, développaient des politiques fiscales et construisaient des infrastructures. A leur mort, leur héritage a été délibérément oublié, déformé, voire ignoré. Pourquoi ? A travers un récit épique, où la qualité d'écriture porte avec majesté un travail historique, Shelley Puhak répond à cette question et revient sur le parcours de deux femmes puissantes et... ennemies. Car pendant plus de quarante ans, Brunehaut et Frédégonde se sont affrontées dans des guerres civiles sans pitié. Aujourd'hui, faire la lumière sur ces reines de l'âge des ténèbres invite à réfléchir au statut des femmes de pouvoir, au fil d'un récit palpitant.
856 41 - ELECTRONIC LOCATION AND ACCESS
Uniform Resource Identifier <a href="https://shs.cairn.info/les-reines-sombres--9782200632762?lang=fr&redirect-ssocas=7080">https://shs.cairn.info/les-reines-sombres--9782200632762?lang=fr&redirect-ssocas=7080</a>

Pas d'exemplaire disponible.

PLUDOC

PLUDOC est la plateforme unique et centralisée de gestion des bibliothèques physiques et numériques de Guinée administré par le CEDUST. Elle est la plus grande base de données de ressources documentaires pour les Étudiants, Enseignants chercheurs et Chercheurs de Guinée.

Adresse

627 919 101/664 919 101

25 boulevard du commerce
Kaloum, Conakry, Guinée

Réseaux sociaux

Powered by Netsen Group @ 2025